| 000 | 01467nam a2200313 a 4500 | ||
|---|---|---|---|
| 003 | BLK | ||
| 005 | 20250320180506.0 | ||
| 008 | 180411b bul|||||r ||||||| ||bul|| | ||
| 020 | _a978-954-28-2215-8 | ||
| 020 | _a9789542822158 | ||
| 040 | _aBLK | ||
| 041 |
_aBUL _cBUL |
||
| 080 |
_aБългарска литература _b821.163.2 _x-4 _z821.163.2-4 |
||
| 084 | _aМ 32 | ||
| 100 | 1 |
_aМарков, Георги Иванов _eпърви автор _9376753 |
|
| 139 |
_aМарков, Георги Иванов _bМ 32 |
||
| 245 | 1 | 0 |
_aЗадочни репортажи за задочна България _bТ. 1 - _cГеорги Марков; предг. Димитър Кенаров. _nТ. 1 |
| 257 | _aBGR | ||
| 260 |
_aСофия _bСиела Норма _c2016 - _fСофия : Алианс Принт _9217021 _n978-954-28- |
||
| 300 | _c21 см | ||
| 380 | _aX | ||
| 500 | _a1. изд. 1990 на изд. Профиздат. - Биогр. данни за авт. отбелязани на гърба на кор. - Именен показалец | ||
| 760 | 1 |
_aМарков, Георги Иванов _dСиела, 2016 _h576 с. : с портр. _nЗадочен репортаж за Георги Марков / Димитър Кенаров: с. 9-22 _tТ. 1 |
|
| 852 |
_aЦб 285910 _bЦб |
||
| 852 |
_bП _c821.163.2-4/М 32 Г |
||
| 942 |
_cKNG _n0 _02 |
||
| 944 |
_aCR _c30.05.2017 _k30530 _lМинев Младен |
||
| 999 |
_c197981 _d197981 |
||
| 999 | _d197981 | ||